000 00329nam a22001457a 4500
008 210519b ||||| |||| 00| 0 eng d
020 _a0070568995
041 _aeng
080 _25th
_a621
082 _a621
100 _a26
101 _aMEK
245 _aMechanical Engineering Design
_cJoseph E. Shigley
942 _2udc
_cBK
999 _c57483
_d57483